[Event "GBR-ch79"]
[Site "Plymouth"]
[Date "1992.08.11"]
[Round "8.1"]
[White "Hodgson, Julian M"]
[Black "Emms, John M"]
[Result "1-0"]
[WhiteElo "2555"]
[BlackElo "2455"]
[Annotator "Bulletin"]
[PlyCount "68"]
[EventDate "1992.08.03"]
[EventType "swiss"]
[EventRounds "11"]
[EventCountry "GBR"]
[SourceTitle "BritBase"]
[Source "John Saunders"]
[SourceDate "2020.10.09"]
[SourceVersion "1"]
[SourceVersionDate "2020.10.09"]
[SourceQuality "1"]

1. d4 Nf6 2. Bg5 Ne4 3. h4 c5 4. d5 {[ According to Ali Mortazavi, another h4
practitioner, he and Julian had become tired of 4.dxc5 so this possibility was
briefly considered ]} g6 5. Qd3 Qa5+ 6. Nd2 Nxg5 7. hxg5 Bg7 8. c3 d6 9. e4 Nd7
10. a4 $14 {[ The white knight's strong post on c4 assures him of some
advantage ]} Rb8 11. Nc4 Qc7 12. f4 a6 (12... b6 13. Nf3 a6 14. Be2 b5 15. axb5
axb5 {[ Looks playable ]} 16. Ne3 c4 17. Qc2) 13. a5 b5 14. axb6 Nxb6 15. Qc2
e6 16. dxe6 Bxe6 17. Ne3 Bd7 18. Nf3 O-O 19. f5 Rfe8 20. f6 Bf8 21. O-O-O {
[ Now if Black does not react he will be mated very quickly ]} d5 22. e5 $2 (
22. Nxd5 Nxd5 23. Rxd5 Bc6 24. Bc4 $1 $16) 22... Rxe5 $1 $17 23. Qf2 Rxe3 24.
Qxe3 d4 $2 (24... Bd6 $1 $17) 25. Qe1 $13 dxc3 26. Qxc3 Qf4+ (26... Na4 27. Qe5
) 27. Rd2 Qa4 28. b3 $1 {[ The prelude to an incredible concept, the
commentary room thought White had to play 28.Qa3 ]} Qa3+ 29. Qb2 Qa5 {[#] [ A
remarkable position, White looks to be helpless against the threats of ..c4 ..
Ba3 etc but a brilliant combination from Julian exploits the imprisoned black
king. ]} 30. Rxd7 $1 c4 $5 {[ Brace yourselves ]} (30... Nxd7 $5 31. Bc4 {
[ At first I thought this was good for white but maybe not, Black's 30th,
while entertaining the crowd and giving the impression of winning on the spot,
may have been the decisive mistake. ]} Bd6 $1 $13 (31... Nb6 $2 32. Bxf7+ $1
Kxf7 33. Ne5+ Kg8 (33... Ke6 34. Nc6 $18) 34. f7+ $18)) 31. Rxf7 $3 {[#]} Ba3 (
31... Kxf7 32. Ne5+ $1 Ke6 (32... Kg8 33. f7+ $18) (32... Ke8 33. f7+ {[ /\
Nc6+ +- ]}) 33. Bxc4+ $1 $18) 32. Rg7+ $1 {[ Essential, so that Rhh7 threatens
mate ]} Kf8 33. Rhxh7 {[#] [ An incredible position. The queen is going with
check but the white king can escape the attentions of queen rook and knight
and make it to h2 g3, amazed ? you will be ]} Bxb2+ 34. Kd1 $4 {[ With 5
minutes on the clock to John's 1 Julian makes a losing blunder. It is
reasonable to assume that recapturing the bishop loses but in fact it wins. ]}
(34. Kxb2 Na4+ 35. Kc1 Qc3+ 36. Kd1 Nb2+ 37. Ke2 Qd3+ 38. Kf2 Nd1+ 39. Kg1 $1
Qe3+ 40. Kh2 $18) 34... Qd5+ $4 {[ Black lost on time but he is now lost. 35.
Nd2 forces 35..Qg8 going into a lost ending, a bizarre end to a very
entertaining game ]} (34... Bxf6 $3 35. gxf6 Qa1+ 36. Ke2 Qxf6 $19) 1-0

[Event "GBR-ch79"]
[Site "Plymouth"]
[Date "1992.08.11"]
[Round "8.2"]
[White "Mestel, A Jonathan"]
[Black "Summerscale, Aaron"]
[Result "1-0"]
[WhiteElo "2510"]
[BlackElo "2305"]
[Annotator "Bulletin"]
[PlyCount "57"]
[EventDate "1992.08.03"]
[EventType "swiss"]
[EventRounds "11"]
[EventCountry "GBR"]
[SourceTitle "BritBase"]
[Source "John Saunders"]
[SourceDate "2020.10.09"]
[SourceVersion "1"]
[SourceVersionDate "2020.10.09"]
[SourceQuality "1"]

1. c4 c6 2. Nf3 d5 3. d4 Nf6 4. Nc3 dxc4 5. a4 Bf5 6. e3 e6 7. Bxc4 Bb4 8. O-O
O-O 9. Qe2 Ne4 {[ A relatively unusual move, 9..Nbd7 10.e4 Bg6 is the main
line ]} 10. Bd3 $1 {[ An excellent pawn sacrifice for space and time ]} Nxc3 $5
{[ I think this may be new, 10..Bxc3 11.bxc3 Nxc3 12.Qc2 Bxd3 13.Qxd3 Nd5 14.
Ba3 Re8 15.Rb1 b6 16.Rfc1 with good play was Euwe-Alekhine WCh 1937. ]} 11.
bxc3 Bxc3 12. Rb1 Qc8 {[ To defend b7 and f5 ]} 13. Ba3 Re8 14. Bxf5 exf5 15.
Ne5 {[ /\ Qc4 +- ]} Ba5 16. Qc4 Re6 17. e4 $3 {[#] [ Only this way, the e4
square must be blocked ]} (17. Nxf7 Kxf7 18. d5 Re4 $1 $19) 17... Rf6 (17...
fxe4 18. Nxf7 Kxf7 19. d5 {[#]} Re5 20. dxc6+ Kf6 21. cxb7 $18) 18. Be7 $1 Re6
19. Bh4 {[ Black is still defenceless against the coming sacrifice ]} fxe4 20.
Nxf7 $1 {[#]} Kxf7 21. d5 b6 (21... Rd6 22. dxc6+ Kf8 23. cxb7 Qxc4 24. bxa8=Q
$18) 22. dxe6+ Qxe6 23. Rbc1 a6 24. Rfd1 Ra7 25. Qxe6+ Kxe6 26. Bg3 $18 Nd7 27.
Rxc6+ Kf7 28. Bc7 Ke7 29. Rd4 1-0

[Event "GBR-ch79"]
[Site "Plymouth"]
[Date "1992.08.11"]
[Round "8.3"]
[White "Martin, Andrew D"]
[Black "Hebden, Mark L"]
[Result "1/2-1/2"]
[WhiteElo "2420"]
[BlackElo "2510"]
[PlyCount "66"]
[EventDate "1992.08.03"]
[EventType "swiss"]
[EventRounds "11"]
[EventCountry "GBR"]
[SourceTitle "BritBase"]
[Source "John Saunders"]
[SourceDate "2020.10.09"]
[SourceVersion "1"]
[SourceVersionDate "2020.10.09"]
[SourceQuality "1"]

1. e4 e5 2. Nf3 Nc6 3. Bb5 a6 4. Bxc6 dxc6 5. O-O Bd6 6. d4 exd4 7. Qxd4 f6 8.
b3 Qe7 9. Nbd2 Nh6 10. Nc4 Nf7 11. Nxd6+ cxd6 12. Bf4 O-O 13. Rfe1 c5 14. Qc3
b5 15. Rad1 Bb7 16. Nd2 Rfe8 17. Nf1 b4 18. Qd2 Qe6 19. f3 f5 20. Ng3 fxe4 21.
Nxe4 Qg6 22. Nxd6 Rxe1+ 23. Rxe1 Bxf3 24. Nxf7 Kxf7 25. Qf2 Be4 26. Bg3+ Kg8
27. Qxc5 Qc6 28. Qxb4 Bxc2 29. Re7 Bg6 30. Qd4 Bf7 31. Rc7 Qg6 32. Rd7 Re8 33.
Rd8 Qb1+ 1/2-1/2

[Event "GBR-ch79"]
[Site "Plymouth"]
[Date "1992.08.11"]
[Round "8.4"]
[White "Kumaran, Dharshan"]
[Black "Hennigan, Michael T"]
[Result "1-0"]
[WhiteElo "2380"]
[BlackElo "2400"]
[Annotator "Bulletin"]
[PlyCount "59"]
[EventDate "1992.08.03"]
[EventType "swiss"]
[EventRounds "11"]
[EventCountry "GBR"]
[SourceTitle "BritBase"]
[Source "John Saunders"]
[SourceDate "2020.10.09"]
[SourceVersion "1"]
[SourceVersionDate "2020.10.09"]
[SourceQuality "1"]

1. d4 d6 2. Nf3 g6 3. c4 Bg7 4. Nc3 Nd7 5. e4 e5 6. Be2 Ne7 7. O-O O-O 8. Be3 (
8. Re1 f5 9. dxe5 dxe5 10. exf5 gxf5 11. Bg5 $14) 8... h6 {[ x g5, 8..c6!? ]}
9. Qd2 Kh7 10. Rad1 f5 11. dxe5 dxe5 12. exf5 gxf5 13. Qc2 $1 {[ An extremely
clever move, the Qd8 is now uncomfortably placed and the disruptive ..f4
prevented. Ideas of Nh4 and Bc5 convince Black of the need to unpin and
therefore to prevent Nd5 ]} c6 (13... Ng6 14. Bd3 $1 e4 15. Nxe4 fxe4 16. Bxe4
Qe8 17. Nh4 $18) 14. Rd6 Qc7 15. Rfd1 Ng6 $2 (15... Rf6 $8 16. c5 $16 {[ xd6
xe5 xf5 ]}) 16. Rxg6 $1 $16 {[#]} Kxg6 17. Nh4+ Kf7 18. Nxf5 Nf6 $8 19. Nd6+ $1
{[ The key is to keep the black queen out of f7 then Qg6 Bxh6 Rd3 follows ]}
Kg8 20. Qg6 Be6 21. Bxh6 Rad8 22. c5 Kh8 23. Bd3 Bg8 24. Qg5 Bh7 25. Bxg7+ Qxg7
26. Qxe5 $18 Bxd3 $2 {[ Time trouble ]} 27. Rxd3 Rde8 28. Nxe8 Rxe8 29. Qxe8+
$1 Nxe8 30. Rh3+ 1-0

[Event "GBR-ch79"]
[Site "Plymouth"]
[Date "1992.08.11"]
[Round "8.5"]
[White "Howell, James C"]
[Black "Bibby, Simon"]
[Result "1-0"]
[WhiteElo "2465"]
[BlackElo "2285"]
[PlyCount "48"]
[EventDate "1992.08.03"]
[EventType "swiss"]
[EventRounds "11"]
[EventCountry "GBR"]
[SourceTitle "BritBase"]
[Source "John Saunders"]
[SourceDate "2020.10.09"]
[SourceVersion "1"]
[SourceVersionDate "2020.10.09"]
[SourceQuality "1"]

1. e4 c5 2. Nf3 Nc6 3. d4 cxd4 4. Nxd4 e5 5. Nb5 d6 6. a4 Be6 7. N1c3 a6 8. Na3
Nf6 9. Bg5 Be7 10. Bxf6 Bxf6 11. Bc4 O-O 12. Nd5 Bg5 13. O-O Kh8 14. c3 f5 15.
exf5 Bxf5 16. Be2 Ne7 17. Nc4 Nxd5 18. Qxd5 Rf6 19. Qxb7 Bf4 20. g3 Rh6 21.
Rfd1 Rc8 22. Qb6 Qg5 23. Nxd6 Rf8 24. Nf7+ Rxf7 1-0

[Event "GBR-ch79"]
[Site "Plymouth"]
[Date "1992.08.11"]
[Round "8.6"]
[White "Rayner, Francis"]
[Black "Levitt, Jonathan"]
[Result "0-1"]
[WhiteElo "2270"]
[BlackElo "2455"]
[PlyCount "158"]
[EventDate "1992.08.03"]
[EventType "swiss"]
[EventRounds "11"]
[EventCountry "GBR"]
[SourceTitle "BritBase"]
[Source "John Saunders"]
[SourceDate "2020.10.09"]
[SourceVersion "1"]
[SourceVersionDate "2020.10.09"]
[SourceQuality "1"]

1. e4 e6 2. d4 d5 3. Nd2 c5 4. Ngf3 cxd4 5. e5 Nc6 6. Nb3 Qc7 7. Nbxd4 Nxe5 8.
Nb5 Qb8 9. Bf4 Nd3+ 10. Qxd3 Qxf4 11. g3 Qb4+ 12. c3 Qa5 13. Bg2 a6 14. Nbd4
Nf6 15. O-O Bd6 16. Rfe1 O-O 17. Ne5 Qc7 18. f4 Nd7 19. Ng4 Nc5 20. Qc2 Bd7 21.
Rad1 Rad8 22. Ne3 b5 23. f5 Kh8 24. Qf2 Qb8 25. Qe2 Qc8 26. Rf1 Rde8 27. f6 g6
28. Nb3 Qc7 29. Kh1 Rc8 30. Qg4 Rfd8 31. Qh4 Bf8 32. Nd4 Be8 33. g4 Qe5 34. Rf3
Ne4 35. Rh3 h6 36. Rf1 Kg8 37. Nec2 Qg5 38. Qxg5 Nxg5 39. Re3 a5 40. h4 Nh7 41.
Ref3 Bd7 42. Nb3 Ra8 43. Re3 Rdc8 44. a3 b4 45. axb4 Ba4 46. Nbd4 Bxc2 47. Nxc2
axb4 48. Nxb4 Bxb4 49. cxb4 Rc4 50. Rb3 Rb8 51. b5 Rxg4 52. b6 Rxh4+ 53. Kg1
Rc4 54. Ra1 Nxf6 {[#]} 55. Bf1 Rc6 56. b7 Rc7 57. Ra8 Nd7 58. Rb6 Rcxb7 59.
Rxb7 Rxa8 60. Rxd7 Rb8 61. Kf2 Rxb2+ 62. Kf3 Kg7 63. Bd3 Kf6 64. Rd8 h5 65. Rd7
Rb4 66. Rd8 h4 67. Bf1 g5 68. Rg8 Rf4+ 69. Ke2 g4 70. Rh8 h3 71. Rh6+ Ke5 72.
Rh5+ Kd4 73. Rh4 f5 74. Rh6 e5 75. Ra6 e4 76. Ra4+ Ke5 77. Ra8 Rf3 78. Re8+ Kf4
79. Ke1 d4 {[#]} 0-1

[Event "GBR-ch79"]
[Site "Plymouth"]
[Date "1992.08.11"]
[Round "8.7"]
[White "Webster, Andrew"]
[Black "Collinson, Adam"]
[Result "1/2-1/2"]
[WhiteElo "2330"]
[BlackElo "2360"]
[PlyCount "36"]
[EventDate "1992.08.03"]
[EventType "swiss"]
[EventRounds "11"]
[EventCountry "GBR"]
[SourceTitle "BritBase"]
[Source "John Saunders"]
[SourceDate "2020.10.09"]
[SourceVersion "1"]
[SourceVersionDate "2020.10.09"]
[SourceQuality "1"]

1. c4 e5 2. g3 Nf6 3. Bg2 d5 4. cxd5 Nxd5 5. Nc3 Nb6 6. Nf3 Nc6 7. O-O Be7 8.
d3 O-O 9. a3 Be6 10. b4 Nd4 11. Bb2 Nxf3+ 12. Bxf3 c6 13. Ne4 Nd7 14. Qc2 Bd5
15. Rfd1 Re8 16. Nd2 Bxf3 17. Nxf3 Bd6 18. e4 a5 1/2-1/2

[Event "GBR-ch79"]
[Site "Plymouth"]
[Date "1992.08.11"]
[Round "8.8"]
[White "Arkell, Keith C"]
[Black "Hamid, Rani"]
[Result "1/2-1/2"]
[WhiteElo "2460"]
[BlackElo "2135"]
[PlyCount "153"]
[EventDate "1992.08.03"]
[EventType "swiss"]
[EventRounds "11"]
[EventCountry "GBR"]
[SourceTitle "BritBase"]
[Source "John Saunders"]
[SourceDate "2020.10.09"]
[SourceVersion "1"]
[SourceVersionDate "2020.10.09"]
[SourceQuality "1"]

1. d4 Nf6 2. Nf3 e6 3. c4 b6 4. g3 Ba6 5. b3 Bb4+ 6. Bd2 Be7 7. Bg2 Bb7 8. O-O
O-O 9. Nc3 d5 10. Ne5 Nbd7 11. Bf4 c5 12. cxd5 Nxe5 13. Bxe5 Nxd5 14. Nxd5 Bxd5
15. e4 Bb7 16. d5 Bf6 17. Bxf6 Qxf6 18. d6 e5 19. Qd3 Rfd8 20. Rfd1 Qe6 21. Rd2
Bc6 22. Rad1 a5 23. a4 Ra7 24. h4 g6 25. Kh2 Bd7 26. Qc3 Rc8 27. Bf1 Re8 28.
Kg1 Qg4 29. Qe3 Kg7 30. Be2 Qe6 31. Bc4 Qg4 32. Be2 Qe6 33. h5 Qh3 34. Qf3 gxh5
35. Qxh5 Qxh5 36. Bxh5 Rd8 37. f4 f6 38. fxe5 fxe5 39. Rd5 Be6 40. Rxe5 Kf6 41.
Red5 Bxd5 42. Rxd5 Rg7 43. Be2 Rxg3+ 44. Kf2 Rg5 45. Rd1 Ke5 46. d7 Rg6 47. Bb5
Rf8+ 48. Ke3 Rg3+ 49. Ke2 Rg2+ 50. Ke3 Rg3+ 51. Ke2 Rd8 52. Bc6 Rxb3 53. Rd5+
Ke6 54. Rh5 Kd6 55. Rh6+ Kc7 56. e5 Rxd7 57. Bxd7 Kxd7 58. Kd2 Rb4 59. Kd3 Ke7
60. Ke3 Rxa4 61. Rxb6 h5 62. Rc6 h4 63. Rxc5 Ke6 64. Kf3 Kf5 65. Kg2 Ra3 66.
Kh2 a4 67. Ra5 h3 68. Rc5 Re3 69. Ra5 a3 70. Kg1 Ke6 71. Kh2 Rc3 72. Kh1 Rb3
73. Kh2 Kf5 74. Kg1 Kg6 75. e6 Rb1+ 76. Kh2 Rb2+ 77. Kh1 {n.b. the bulletin 
(and consequently commercial databases) mistakenly had this as Hamid-Arkell
but the colours were wrong.} 1/2-1/2

[Event "GBR-ch79"]
[Site "Plymouth"]
[Date "1992.08.11"]
[Round "8.9"]
[White "Ledger, Andrew"]
[Black "Ward, Christopher R"]
[Result "1/2-1/2"]
[WhiteElo "2335"]
[BlackElo "2440"]
[PlyCount "96"]
[EventDate "1992.08.03"]
[EventType "swiss"]
[EventRounds "11"]
[EventCountry "GBR"]
[SourceTitle "BritBase"]
[Source "John Saunders"]
[SourceDate "2020.10.09"]
[SourceVersion "1"]
[SourceVersionDate "2020.10.09"]
[SourceQuality "1"]

1. Nf3 c5 2. g3 g6 3. Bg2 Bg7 4. c4 Nc6 5. Nc3 e6 6. d4 cxd4 7. Nb5 d5 8. cxd5
exd5 9. Nbxd4 Nge7 10. O-O O-O 11. Be3 Re8 12. Qd2 Nf5 13. Nxc6 bxc6 14. Bf4
Nd6 15. Bxd6 Qxd6 16. Rac1 a5 17. e3 Bd7 18. Nd4 a4 19. Rfd1 Rab8 20. Qc2 Rb6
21. b3 Reb8 22. e4 Qb4 23. Ne2 axb3 24. axb3 d4 25. Qd2 Qxd2 26. Rxd2 Rxb3 27.
Nxd4 Rb1 28. Ne2 Bg4 29. f3 Bh6 30. Rd8+ Rxd8 31. Rxb1 Be3+ 32. Kf1 Be6 33. Ke1
c5 34. Nf4 Bd2+ 35. Kf2 Bxf4 36. gxf4 Rd2+ 37. Kg3 c4 38. Rc1 Rb2 39. Bh3 Bxh3
40. Kxh3 Rb4 41. Kg3 Kf8 42. Kf2 Ke7 43. Ke3 Rb3+ 44. Ke2 Rb2+ 45. Ke3 Rxh2 46.
Rxc4 h5 47. Rc7+ Kf8 48. Rc5 h4 1/2-1/2

[Event "GBR-ch79"]
[Site "Plymouth"]
[Date "1992.08.11"]
[Round "8.10"]
[White "Mortazavi, Ali"]
[Black "Britton, Richard"]
[Result "1/2-1/2"]
[WhiteElo "2320"]
[BlackElo "2275"]
[PlyCount "87"]
[EventDate "1992.08.03"]
[EventType "swiss"]
[EventRounds "11"]
[EventCountry "GBR"]
[SourceTitle "BritBase"]
[Source "John Saunders"]
[SourceDate "2020.10.09"]
[SourceVersion "1"]
[SourceVersionDate "2020.10.09"]
[SourceQuality "1"]

1. d4 Nf6 2. Nf3 g6 3. Nc3 d5 4. Bf4 Bg7 5. Qd2 h6 6. e3 c6 7. Be2 Bg4 8. h3
Bxf3 9. Bxf3 Nbd7 10. O-O Qb6 11. a4 a5 12. Ra3 O-O 13. Rd1 Kh7 14. Rb3 Qa7 15.
e4 dxe4 16. Nxe4 Nd5 17. Bh2 e5 18. Nd6 N5b6 19. dxe5 Nxe5 20. Qe1 Nxf3+ 21.
Rxf3 Nxa4 22. Rxf7 Rxf7 23. Nxf7 b5 24. Qe6 Rf8 25. Rd7 Nc5 26. Rxa7 Nxe6 27.
Ne5 a4 28. Re7 Rd8 29. Nd3 Nc5 30. Be5 Rd7 31. Rxg7+ Rxg7 32. Nxc5 Ra7 33. Nd3
a3 34. bxa3 Rxa3 35. Kf1 g5 36. Ke2 Kg6 37. Bd6 Ra2 38. Nb4 Ra8 39. Ke3 Re8+
40. Kd4 Re2 41. Bg3 h5 42. Kd3 Re6 43. Na6 h4 44. Bh2 1/2-1/2

[Event "GBR-ch79"]
[Site "Plymouth"]
[Date "1992.08.11"]
[Round "8.11"]
[White "Mack, Andrew"]
[Black "Crouch, Colin S"]
[Result "0-1"]
[WhiteElo "2270"]
[BlackElo "2425"]
[PlyCount "98"]
[EventDate "1992.08.03"]
[EventType "swiss"]
[EventRounds "11"]
[EventCountry "GBR"]
[SourceTitle "BritBase"]
[Source "John Saunders"]
[SourceDate "2020.10.09"]
[SourceVersion "1"]
[SourceVersionDate "2020.10.09"]
[SourceQuality "1"]

1. d4 d5 2. Nc3 Nf6 3. Bg5 e6 4. Nf3 c5 5. e3 cxd4 6. exd4 h6 7. Bxf6 Qxf6 8.
Bd3 Nc6 9. O-O Bd6 10. Re1 O-O 11. Bf1 a6 12. g3 b5 13. a3 Bb7 14. Bg2 Rfc8 15.
Qd3 Na5 16. Nd1 Nc4 17. Rb1 a5 18. Ne3 b4 19. axb4 axb4 20. Ne5 Bxe5 21. Ng4
Qe7 22. Nxe5 Qc7 23. Nxc4 Qxc4 24. Qxc4 Rxc4 25. c3 Kf8 26. Bf1 Rc7 27. cxb4
Ke7 28. Ra1 Rc2 29. b5 Rxa1 30. Rxa1 Kd6 31. Ra7 Kc7 32. Ra3 Rxb2 33. Rf3 f6
34. Rc3+ Kd6 35. Rc1 Rb4 36. Rd1 Bc8 37. Kg2 Bd7 38. Ra1 Rxd4 39. Ra6+ Kc5 40.
Ra7 Bxb5 41. Bxb5 Kxb5 42. Rxg7 Re4 43. Kf3 f5 44. Rh7 d4 45. Rxh6 d3 46. Rh8
Kc4 47. h4 d2 48. Rd8 Kc3 49. h5 Re1 0-1

[Event "GBR-ch79"]
[Site "Plymouth"]
[Date "1992.08.11"]
[Round "8.12"]
[White "Basman, Michael J"]
[Black "Swan, Iain"]
[Result "0-1"]
[WhiteElo "2365"]
[BlackElo "2270"]
[PlyCount "86"]
[EventDate "1992.08.03"]
[EventType "swiss"]
[EventRounds "11"]
[EventCountry "GBR"]
[SourceTitle "BritBase"]
[Source "John Saunders"]
[SourceDate "2020.10.09"]
[SourceVersion "1"]
[SourceVersionDate "2020.10.09"]
[SourceQuality "1"]

1. h3 d5 2. a3 e5 3. c4 c6 4. cxd5 cxd5 5. d3 Bd6 6. g4 Ne7 7. Bg2 Nbc6 8. Nc3
Bc7 9. Nf3 O-O 10. b4 Ng6 11. g5 Be6 12. h4 f5 13. h5 Nf4 14. Bxf4 exf4 15. h6
d4 16. hxg7 Re8 17. Nb5 Bb6 18. Qd2 Qe7 19. g6 hxg6 20. Qxf4 Qxg7 21. Ng5 Ne5
22. Kd2 Nc4+ {[#]} 23. Ke1 Rad8 24. Rh7 Qe5 25. Qxe5 Nxe5 26. Nxe6 Rxe6 27.
Rxb7 Nxd3+ 28. Kf1 Nf4 29. Bf3 g5 30. Nxa7 g4 31. Bc6 Bxa7 32. Bb5 Rh6 33. Bc6
Rxc6 34. Rxa7 Rdc8 35. Kg1 Rc1+ 36. Rxc1 Rxc1+ 37. Kh2 Nxe2 38. b5 Rb1 39. a4
Nc3 40. Rd7 Nxa4 41. Rxd4 Nb6 42. Rd8+ Kf7 43. Kg3 Rb3+ 0-1

[Event "GBR-ch79"]
[Site "Plymouth"]
[Date "1992.08.11"]
[Round "8.14"]
[White "Norman, Kenneth I"]
[Black "Ansell, Simon"]
[Result "1/2-1/2"]
[WhiteElo "2210"]
[BlackElo "2305"]
[PlyCount "165"]
[EventDate "1992.08.03"]
[EventType "swiss"]
[EventRounds "11"]
[EventCountry "GBR"]
[SourceTitle "BritBase"]
[Source "John Saunders"]
[SourceDate "2020.10.09"]
[SourceVersion "1"]
[SourceVersionDate "2020.10.09"]
[SourceQuality "1"]

1. Nf3 Nf6 2. c4 c5 3. Nc3 b6 4. d4 cxd4 5. Nxd4 Bb7 6. f3 e6 7. e4 d6 8. Be3
Be7 9. Be2 O-O 10. O-O a6 11. Qd2 Nbd7 12. Rac1 Rc8 13. Rfd1 Qc7 14. a3 Qb8 15.
b4 Rfd8 16. Na4 Bf8 17. Bf1 g6 18. Kh1 d5 19. cxd5 exd5 20. e5 b5 21. exf6 bxa4
22. Bh6 Nxf6 23. Bxf8 Rxf8 24. b5 Qd6 25. Ra1 Nd7 26. Qa5 axb5 27. Nxb5 Qf4 28.
Rd4 Qe3 29. Rd3 Qe5 30. Re1 Ra8 31. Qb4 Qf6 32. Nc3 Rfb8 33. Qe7 Qxe7 34. Rxe7
Nf6 35. Rd4 Kf8 36. Rc7 Rc8 37. Rxb7 Rxc3 38. Kg1 Rxa3 39. Rf4 Kg7 40. Rb6 Nh5
41. Rd4 Rb3 42. Rxa4 Rxb6 43. Rxa8 Rb2 44. Rd8 Rd2 45. Bb5 Nf4 46. Bf1 h5 47.
g3 Ne6 48. Rd7 Nd4 49. Bg2 Nc2 50. f4 Ne3 51. Bf3 d4 52. Bd5 Nxd5 53. Rxd5 Kf6
54. h3 Ke6 55. Rd8 Kf5 56. Re8 d3 57. Re5+ Kf6 58. g4 hxg4 59. hxg4 Ra2 60. g5+
Kg7 61. Rd5 Ra4 62. Rxd3 Rxf4 63. Rg3 Kf8 64. Kg2 Ke7 65. Re3+ Kd6 66. Kg3 Rf5
67. Kg4 Rf1 68. Rd3+ Ke5 69. Re3+ Kd5 70. Re7 Kd6 71. Re2 Rf5 72. Re4 Re5 73.
Rf4 Ke6 74. Rf6+ Ke7 75. Ra6 Re4+ 76. Kf3 Rd4 77. Rb6 Rd6 78. Rb7+ Ke6 79. Ke4
Ra6 80. Rb4 Rc6 81. Ra4 Kd6 82. Rd4+ Ke7 83. Kf4 1/2-1/2

[Event "GBR-ch79"]
[Site "Plymouth"]
[Date "1992.08.11"]
[Round "8.20"]
[White "Willmoth, Robert"]
[Black "Small, Simon"]
[Result "1/2-1/2"]
[WhiteElo "2215"]
[BlackElo "2245"]
[PlyCount "112"]
[EventDate "1992.08.03"]
[EventType "swiss"]
[EventRounds "11"]
[EventCountry "GBR"]
[SourceTitle "BritBase"]
[Source "John Saunders"]
[SourceDate "2020.10.09"]
[SourceVersion "1"]
[SourceVersionDate "2020.10.09"]
[SourceQuality "1"]

1. e4 c5 2. Nf3 d6 3. d4 cxd4 4. Nxd4 Nf6 5. Nc3 g6 6. Be2 Bg7 7. O-O O-O 8.
Bg5 Nbd7 9. Nb3 a6 10. a4 b6 11. f4 Bb7 12. Bd3 b5 13. Qe2 b4 14. Nd1 Qc7 15.
Kh1 Rae8 16. Nf2 h6 17. Bh4 e5 18. fxe5 dxe5 19. Ng4 Nh5 20. Qd2 Nf4 21. Qxb4
f5 22. Ne3 g5 23. Bf2 Kh8 24. Rae1 Rb8 25. Qc4 Qxc4 26. Bxc4 Bxe4 27. Nd2 Bb7
28. b4 Nf6 29. Kg1 h5 30. Bg3 Ng4 31. Nxg4 hxg4 32. Rf2 Rfd8 33. Bxf4 gxf4 34.
Be6 e4 35. Nb3 f3 36. gxf3 exf3 37. Bxf5 Bc8 38. Bxc8 Rdxc8 39. Re4 Bh6 40. h3
gxh3 41. Rh4 Kh7 42. Rxf3 Rxc2 43. Rfxh3 Rb6 44. a5 Rg6+ 45. Kf1 Kg7 46. Nd4
Rf6+ 47. Ke1 Rb2 48. Rxh6 Rxh6 49. Nf5+ Kg6 50. Rxh6+ Kxf5 51. Rb6 Ke4 52. Kd1
Kd3 53. Kc1 Rb3 54. Rxa6 Rxb4 55. Rg6 Rb7 56. a6 Ra7 1/2-1/2

[Event "GBR-ch79"]
[Site "Plymouth"]
[Date "1992.08.12"]
[Round "9.1"]
[White "Hodgson, Julian M"]
[Black "Kumaran, Dharshan"]
[Result "1-0"]
[WhiteElo "2555"]
[BlackElo "2380"]
[Annotator "Bulletin"]
[PlyCount "119"]
[EventDate "1992.08.03"]
[EventType "swiss"]
[EventRounds "11"]
[EventCountry "GBR"]
[SourceTitle "BritBase"]
[Source "John Saunders"]
[SourceDate "2020.10.09"]
[SourceVersion "1"]
[SourceVersionDate "2020.10.09"]
[SourceQuality "1"]

1. d4 d5 2. c4 dxc4 3. e3 Nf6 4. Bxc4 e6 5. Nf3 c5 6. Nc3 a6 7. a4 Be7 8. O-O
Nc6 9. d5 exd5 10. Nxd5 Nxd5 11. Bxd5 Bg4 12. Qb3 O-O 13. Bd2 Bxf3 14. gxf3 Qc7
(14... Bd6 15. f4 Bxf4 16. exf4 Ne7 17. Bxb7 Rb8 18. Bc3 Qc7 $13) 15. Bc3 Rad8
16. Kh1 Na5 17. Rg1 g6 (17... Nxb3 18. Rxg7+ Kh8 19. Rg8+ $3 (19. Rxf7+ Nd4 $1)
19... Kxg8 20. Rg1+ Bg5 21. Rxg5#) 18. Qd1 (18. Qa2 c4 19. Rad1 $16) 18... Nc6
19. f4 Nb4 (19... Nd4 20. Qh5 Kh8 21. Qf3 $18) 20. Bxb4 (20. Rxg6+ hxg6 21. Qh5
gxh5 22. Rg1+ Kh7 {[ This had been's White's intention but he stopped himself
at the last minute. ]}) 20... cxb4 21. Qf3 Bf6 22. Rab1 $14 {[ /\ b3 e4 ]} Qa5
23. e4 $1 Qxa4 24. e5 Bg7 25. f5 Kh8 26. f6 Bh6 27. Rbd1 (27. Bxf7 Rxf7 28. e6
Rc7 29. e7 Rdc8 30. Rbd1 $18 Re8) 27... Qb5 28. b3 Qc5 29. Rd3 Qc7 30. Qg3 {
[ Black is helpless against Qh4 and Rh3 ]} Rfe8 31. Qh4 (31. f4 Qc2 $13) 31...
Qxe5 32. Qxh6 Qxf6 33. Rf3 Qd6 34. Bxf7 Qc6 35. Rgg3 Re7 36. Bc4 $2 {[ Time
trouble, Black gets back in the game ]} (36. Bxg6 $1 $18) 36... b5 37. Qg5 Re1+
38. Kg2 Rdd1 39. Bf7 Kg7 40. Qf4 Rg1+ 41. Kh3 Qd7+ 42. Qg4 Qxg4+ 43. Rxg4 Rxg4
(43... Rge1 $1 {[ /\ a5 Re7 ]}) 44. Kxg4 Rg1+ 45. Kh3 a5 46. Be8 Rg5 47. Rf7+
Kh6 48. Rb7 a4 49. bxa4 bxa4 50. Bxa4 Rh5+ 51. Kg3 Rg5+ 52. Kf3 Rf5+ 53. Kg2
Rg5+ 54. Kf1 Rh5 55. Bb3 Rxh2 56. Bg8 Kg5 57. Bxh7 Kf6 58. Bg8 Rh4 59. Rb6+ Kg7
60. Bb3 1-0

[Event "GBR-ch79"]
[Site "Plymouth"]
[Date "1992.08.12"]
[Round "9.3"]
[White "Hebden, Mark L"]
[Black "Howell, James C"]
[Result "1-0"]
[WhiteElo "2510"]
[BlackElo "2465"]
[PlyCount "67"]
[EventDate "1992.08.03"]
[EventType "swiss"]
[EventRounds "11"]
[EventCountry "GBR"]
[SourceTitle "BritBase"]
[Source "John Saunders"]
[SourceDate "2020.10.09"]
[SourceVersion "1"]
[SourceVersionDate "2020.10.09"]
[SourceQuality "1"]

1. d4 d5 2. c4 dxc4 3. Nf3 e6 4. e3 c5 5. Bxc4 Nf6 6. Qe2 a6 7. dxc5 Bxc5 8.
O-O O-O 9. e4 b5 10. Bd3 e5 11. a4 bxa4 12. Nxe5 Re8 13. Bf4 Bd6 14. Nxf7 {[#]}
Kxf7 15. Bc4+ Kf8 16. Rd1 Bg4 17. Bxd6+ Qxd6 18. Rxd6 Bxe2 19. Bxe2 Nxe4 20.
Rd1 Nd7 21. Rxa4 Ndc5 22. Rc4 Rab8 23. f3 Nf6 24. Bf1 Ne6 25. b4 Red8 26. Rxd8+
Nxd8 27. Nc3 Ke7 28. Rc7+ Kf8 29. Na2 Nd5 30. Rd7 Nb6 31. Rd2 Ra8 32. Rd6 Na4
33. Rxa6 Rxa6 34. Bxa6 1-0